000
00318nam a2200133Ia 4500
008
240624s9999 xx 000 0 und d
041
_a
eng
082
_a
891.46 INA
100
_a
ENAMDAR N S
245
_a
MANTRAVEGDA
260
_c
2004
_a
Pune
_b
Continental Prakashan
300
_a
559 : p. : cm. ; 21
365
_c
RS
_b
20
999
_c
6912
_d
6912